000 00450nam a22001817a 4500
005 20260220134329.0
008 260220b |||||||| |||| 00| 0 eng d
020 _a9780808923602
050 _aQP 34.5.B65 2009
100 _aBORON F.WALTER
245 _aMEDICAL PHYSIOLOGY
250 _a2ND ED.
260 _aCANADA
_bSAUNDERS
_c2009
300 _aX11,1337P.
500 _aINCLUDES QAN INDEX
650 _aHUMAN PHYSIOLOGY
942 _2lcc
_cBK
999 _c216591
_d216591